000 00276nam a2200097Ia 4500
008 220204s9999 xx 000 0 und d
082 _a339.5
_bIND
245 0 _aIndia's trade agreements with other countries
260 _aNew Delhi
_bDirectorate of Exhibitions
_c1973
942 _cBK
999 _c22522
_d22522